[Event "70th RUS-ch Women Higher League 2020"]
[Site "Sochi"]
[Date "2020.10.09"]
[Round "2.14"]
[White "Bodnaruk, Anastasia"]
[Black "Paramzina, Anastasya"]
[Result "1/2-1/2"]
[WhiteElo "2428"]
[BlackElo "2237"]
[Annotator "ChessBase"]
[PlyCount "143"]
[EventDate "2020.10.08"]
[EventType "swiss"]
[EventCountry "RUS"]
[SourceTitle "playchess.com"]
[Source "ChessBase"]
[SourceQuality "1"]
[TimeControl "40/5400+30:1800+30"]

1. e4 {[%emt 0:00:00]} c5 {[%emt 0:02:00]} 2. Nf3 {[%emt 0:00:00]} d6 {[%emt 0:00:04]} 3. d4 {[%emt 0:00:00]} cxd4 {[%emt 0:00:03]} 4. Nxd4 {[%emt 0:00:00]} Nf6 {[%emt 0:00:05]} 5. Nc3 {[%emt 0:00:00]} a6 {[%emt 0:00:03]} 6. h3 {[%emt 0:00:07]} e5 {[%emt 0:00:30]} 7. Nde2 {[%emt 0:00:17]} h5 {[%emt 0:00:12]} 8. g3 {[%emt 0:01:48]} Be7 {[%emt 0:01:38]} 9. Bg2 {[%emt 0:02:34]} Be6 {[%emt 0:05:27]} 10. a4 {[%emt 0:04:54]} O-O {[%emt 0:01:27]} 11. O-O {[%emt 0:01:53]} Nbd7 {[%emt 0:05:25]} 12. Be3 {[%emt 0:04:03]} Rc8 {[%emt 0:03:50]} 13. b3 {[%emt 0:17:02]} Nc5 {[%emt 0:16:09]} 14. Bg5 {[%emt 0:16:41]} Nh7 {[%emt 0:19:16]} 15. Bxe7 {[%emt 0:01:04]} Qxe7 {[%emt 0:00:04]} 16. f4 {[%emt 0:09:53]} f5 {[%emt 0:00:48]} 17. exf5 {[%emt 0:10:09]} Bxf5 {[%emt 0:00:56]} 18. Nd5 {[%emt 0:00:03]} Qe8 {[%emt 0:01:00]} 19. Ne3 {[%emt 0:04:12]} Be4 {[%emt 0:26:53]} 20. Bxe4 {[%emt 0:09:59]} Nxe4 {[%emt 0:00:08]} 21. Qd5+ {[%emt 0:00:03]} Rf7 {[%emt 0:01:45]} 22. fxe5 {[%emt 0:13:30]} Nef6 {[%emt 0:01:03]} 23. Qxd6 {[%emt 0:00:06]} Rd7 {[%emt 0:01:39]} 24. Qb6 {[%emt 0:00:40]} Qxe5 {[%emt 0:00:22]} 25. Nf4 {[%emt 0:01:44]} Ng5 {[%emt 0:03:49]} 26. Rae1 {[%emt 0:01:38]} Nxh3+ {[%emt 0:01:54]} 27. Nxh3 {[%emt 0:00:34]} Qxg3+ {[%emt 0:00:10]} 28. Ng2 {[%emt 0:00:00]} Qxh3 {[%emt 0:02:04]} 29. Re3 {[%emt 0:00:31]} Qg4 {[%emt 0:00:24]} 30. c4 {[%emt 0:01:02]} Kh7 {[%emt 0:03:38]} 31. Qe6 {[%emt 0:00:29]} Qxe6 {[%emt 0:00:28]} 32. Rxe6 {[%emt 0:00:01]} Rc5 {[%emt 0:00:11]} 33. Rfe1 {[%emt 0:01:00]} Rg5 {[%emt 0:00:41]} 34. R6e5 {[%emt 0:00:27]} Rg6 {[%emt 0:00:53]} 35. Kf1 {[%emt 0:00:24]} Rd4 {[%emt 0:00:36]} 36. Rf5 {[%emt 0:00:39]} h4 {[%emt 0:00:56]} 37. Re3 {[%emt 0:00:27]} Rd1+ {[%emt 0:01:05]} 38. Ke2 {[%emt 0:00:33]} Rh1 {[%emt 0:00:12]} 39. Nf4 {[%emt 0:00:14]} Rgg1 {[%emt 0:00:14]} 40. Kd2 {[%emt 0:00:00]} Rh2+ {[%emt 0:00:00]} 41. Ne2 {[%emt 0:04:00]} Rg4 {[%emt 0:15:08]} 42. Kd3 {[%emt 0:02:39]} Rh1 {[%emt 0:00:23]} 43. Rff3 {[%emt 0:02:11]} Rd1+ {[%emt 0:04:04]} 44. Kc2 {[%emt 0:00:26]} Rd8 {[%emt 0:01:53]} 45. Nf4 {[%emt 0:02:41]} Re8 {[%emt 0:00:29]} 46. Rd3 {[%emt 0:05:11]} Re1 {[%emt 0:04:17]} 47. a5 {[%emt 0:04:38]} Rgg1 {[%emt 0:05:39]} 48. Kb2 {[%emt 0:01:38]} Rd1 {[%emt 0:00:35]} 49. Rxd1 {[%emt 0:02:05]} Rxd1 {[%emt 0:00:10]} 50. Nh3 {[%emt 0:00:35]} Rd4 {[%emt 0:01:44]} 51. Nf2 {[%emt 0:02:49]} Rd2+ {[%emt 0:00:40]} 52. Ka3 {[%emt 0:00:09]} Kg6 {[%emt 0:00:35]} 53. b4 {[%emt 0:00:46]} Rd4 {[%emt 0:01:07]} 54. Kb3 {[%emt 0:03:42]} Ne4 {[%emt 0:00:07]} 55. Nxe4 {[%emt 0:00:14]} Rxe4 {[%emt 0:00:04]} 56. b5 {[%emt 0:00:05]} axb5 {[%emt 0:00:35]} 57. cxb5 {[%emt 0:00:01]} Re7 {[%emt 0:00:38]} 58. b6 {[%emt 0:02:35]} Kh5 {[%emt 0:00:54]} 59. Rc3 {[%emt 0:00:12]} Re5 {[%emt 0:01:06]} 60. Ka4 {[%emt 0:00:35]} Re4+ {[%emt 0:00:13]} 61. Kb5 {[%emt 0:00:20]} Re5+ {[%emt 0:00:03]} 62. Ka4 {[%emt 0:00:17]} Re4+ {[%emt 0:00:05]} 63. Kb5 {[%emt 0:00:08]} Re5+ {[%emt 0:01:06]} 64. Rc5 {[%emt 0:02:02]} Rxc5+ {[%emt 0:01:22]} 65. Kxc5 {[%emt 0:00:01]} h3 {[%emt 0:00:09]} 66. a6 {[%emt 0:00:01]} h2 {[%emt 0:00:04]} 67. axb7 {[%emt 0:00:09]} h1=Q {[%emt 0:00:04]} 68. b8=Q {[%emt 0:00:04]} Qc1+ {[%emt 0:00:20]} 69. Kb5 {[%emt 0:00:14]} Qb1+ {[%emt 0:01:01]} 70. Kc6 {[%emt 0:00:41]} Qe4+ {[%emt 0:00:06]} 71. Kd7 {[%emt 0:01:08]} Qf5+ {[%emt 0:00:18]} 72. Kc6 {[%emt 0:01:22]} 1/2-1/2

[Event "70th RUS-ch Women Higher League 2020"]
[Site "Sochi"]
[Date "2020.10.09"]
[Round "2.15"]
[White "Getman, Tatyana"]
[Black "Bivol, Alina"]
[Result "1/2-1/2"]
[WhiteElo "2271"]
[BlackElo "2393"]
[Annotator "ChessBase"]
[PlyCount "121"]
[EventDate "2020.10.08"]
[EventType "swiss"]
[EventCountry "RUS"]
[SourceTitle "playchess.com"]
[Source "ChessBase"]
[SourceQuality "1"]
[TimeControl "40/5400+30:1800+30"]

1. d4 {[%emt 0:00:00]} Nf6 {[%emt 0:00:00]} 2. c4 {[%emt 0:00:00]} g6 {[%emt 0:00:00]} 3. g3 {[%emt 0:00:00]} Bg7 {[%emt 0:00:46]} 4. Bg2 {[%emt 0:00:00]} d5 {[%emt 0:00:04]} 5. cxd5 {[%emt 0:00:36]} Nxd5 {[%emt 0:00:04]} 6. Nf3 {[%emt 0:01:00]} Nb6 {[%emt 0:00:13]} 7. O-O {[%emt 0:01:38]} Nc6 {[%emt 0:00:02]} 8. e3 {[%emt 0:02:20]} O-O {[%emt 0:00:05]} 9. Nc3 {[%emt 0:04:23]} Re8 {[%emt 0:00:10]} 10. Nd2 {[%emt 0:11:36]} e5 {[%emt 0:03:29]} 11. d5 {[%emt 0:01:10]} Nb4 {[%emt 0:07:04]} 12. Qb3 {[%emt 0:12:49]} a5 {[%emt 0:04:35]} 13. a3 {[%emt 0:03:09]} Na6 {[%emt 0:00:23]} 14. Nc4 {[%emt 0:07:13]} Nc5 {[%emt 0:01:56]} 15. Qa2 {[%emt 0:10:24]} e4 {[%emt 0:04:46]} 16. Nxb6 {[%emt 0:01:58]} cxb6 {[%emt 0:02:35]} 17. a4 {[%emt 0:11:34]} Bf5 {[%emt 0:03:58]} 18. Bd2 {[%emt 0:03:18]} Qd7 {[%emt 0:03:18]} 19. Nb5 {[%emt 0:01:25]} Bh3 {[%emt 0:02:27]} 20. Bc3 {[%emt 0:03:14]} Bxc3 {[%emt 0:03:57]} 21. Nxc3 {[%emt 0:04:26]} Rad8 {[%emt 0:03:11]} 22. Rad1 {[%emt 0:00:44]} Bg4 {[%emt 0:11:51]} 23. Rd4 {[%emt 0:00:54]} Qf5 {[%emt 0:04:13]} 24. Qb1 {[%emt 0:02:12]} Bf3 {[%emt 0:04:35]} 25. Bxf3 {[%emt 0:00:51]} Qxf3 {[%emt 0:00:03]} 26. Qd1 {[%emt 0:00:25]} Qf5 {[%emt 0:02:50]} 27. f3 {[%emt 0:01:20]} exf3 {[%emt 0:02:21]} 28. Qxf3 {[%emt 0:00:32]} Qxf3 {[%emt 0:00:15]} 29. Rxf3 {[%emt 0:00:06]} f5 {[%emt 0:00:06]} 30. g4 {[%emt 0:05:17]} fxg4 {[%emt 0:08:16]} 31. Rxg4 {[%emt 0:00:05]} Nd3 {[%emt 0:00:05]} 32. Rd4 {[%emt 0:00:36]} Ne1 {[%emt 0:01:20]} 33. Rg3 {[%emt 0:04:46]} Rf8 {[%emt 0:01:26]} 34. Rd1 {[%emt 0:01:14]} Nf3+ {[%emt 0:00:18]} 35. Kg2 {[%emt 0:00:07]} Nh4+ {[%emt 0:02:08]} 36. Kh3 {[%emt 0:00:23]} Nf5 {[%emt 0:00:23]} 37. Rf3 {[%emt 0:01:02]} Rfe8 {[%emt 0:00:04]} 38. e4 {[%emt 0:01:13]} Nd6 {[%emt 0:00:01]} 39. Rd4 {[%emt 0:01:54]} Re5 {[%emt 0:00:04]} 40. Kg2 {[%emt 0:00:00]} Rde8 {[%emt 0:00:00]} 41. Rfd3 {[%emt 0:13:00]} Kf7 {[%emt 0:04:24]} 42. Kf3 {[%emt 0:03:03]} Ke7 {[%emt 0:01:08]} 43. Ke2 {[%emt 0:03:18]} Kd7 {[%emt 0:00:11]} 44. Rh3 {[%emt 0:01:25]} R8e7 {[%emt 0:03:57]} 45. Kd3 {[%emt 0:00:42]} Rg5 {[%emt 0:00:20]} 46. Nb1 {[%emt 0:03:06]} Nf7 {[%emt 0:13:13]} 47. Kc4 {[%emt 0:01:03]} Nd6+ {[%emt 0:06:19]} 48. Kd3 {[%emt 0:00:05]} Rg2 {[%emt 0:01:15]} 49. Nd2 {[%emt 0:00:33]} b5 {[%emt 0:00:54]} 50. axb5 {[%emt 0:01:24]} Nxb5 {[%emt 0:00:03]} 51. Ra4 {[%emt 0:00:13]} Nd6 {[%emt 0:00:08]} 52. Rxa5 {[%emt 0:01:03]} Rxd2+ {[%emt 0:01:09]} 53. Kxd2 {[%emt 0:00:59]} Nc4+ {[%emt 0:00:01]} 54. Kc3 {[%emt 0:00:40]} Nxa5 {[%emt 0:00:02]} 55. b4 {[%emt 0:00:09]} Nc6 {[%emt 0:01:09]} 56. dxc6+ {[%emt 0:00:04]} bxc6 {[%emt 0:00:03]} 57. Kd4 {[%emt 0:00:36]} Kd6 {[%emt 0:00:04]} 58. Rf3 {[%emt 0:01:29]} Rb7 {[%emt 0:01:11]} 59. Rf6+ {[%emt 0:01:19]} Ke7 {[%emt 0:00:01]} 60. Rxc6 {[%emt 0:00:09]} Rxb4+ {[%emt 0:00:04]} 61. Ke5 {[%emt 0:00:25]} 1/2-1/2

[Event "70th RUS-ch Women Higher League 2020"]
[Site "Sochi"]
[Date "2020.10.09"]
[Round "2.16"]
[White "Kovalevskaya, Ekaterina"]
[Black "Berezina, Mariya"]
[Result "1-0"]
[WhiteElo "2384"]
[BlackElo "1982"]
[Annotator "ChessBase"]
[PlyCount "111"]
[EventDate "2020.10.08"]
[EventType "swiss"]
[EventCountry "RUS"]
[SourceTitle "playchess.com"]
[Source "ChessBase"]
[SourceQuality "1"]
[TimeControl "40/5400+30:1800+30"]

1. Nf3 {[%emt 0:00:00]} d5 {[%emt 0:03:08]} 2. g3 {[%emt 0:00:00]} Nf6 {[%emt 0:00:05]} 3. Bg2 {[%emt 0:00:00]} g6 {[%emt 0:00:12]} 4. O-O {[%emt 0:00:01]} Bg7 {[%emt 0:00:04]} 5. d4 {[%emt 0:00:19]} O-O {[%emt 0:00:14]} 6. Be3 {[%emt 0:00:15]} e6 {[%emt 0:01:29]} 7. Qc1 {[%emt 0:00:54]} b6 {[%emt 0:05:51]} 8. c4 {[%emt 0:12:43]} Ba6 {[%emt 0:04:26]} 9. Ne5 {[%emt 0:05:00]} Nfd7 {[%emt 0:08:24]} 10. cxd5 {[%emt 0:12:03]} Nxe5 {[%emt 0:05:50]} 11. dxe5 {[%emt 0:20:47]} exd5 {[%emt 0:01:28]} 12. Bh6 {[%emt 0:02:41]} Bxe2 {[%emt 0:06:35]} 13. Re1 {[%emt 0:00:13]} Bg4 {[%emt 0:00:19]} 14. Nc3 {[%emt 0:06:59]} c6 {[%emt 0:01:25]} 15. Bxg7 {[%emt 0:00:47]} Kxg7 {[%emt 0:00:07]} 16. b4 {[%emt 0:00:29]} Na6 {[%emt 0:14:38]} 17. Qf4 {[%emt 0:10:23]} Be6 {[%emt 0:14:03]} 18. Rad1 {[%emt 0:00:08]} b5 {[%emt 0:06:31]} 19. a3 {[%emt 0:07:25]} Qe7 {[%emt 0:02:23]} 20. Ne2 {[%emt 0:01:57]} Nb8 {[%emt 0:05:29]} 21. a4 {[%emt 0:05:04]} bxa4 {[%emt 0:02:52]} 22. Ra1 {[%emt 0:00:06]} Nd7 {[%emt 0:01:17]} 23. Rxa4 {[%emt 0:04:41]} Nb6 {[%emt 0:05:12]} 24. Ra5 {[%emt 0:00:22]} Nc4 {[%emt 0:01:23]} 25. Rc5 {[%emt 0:00:09]} Rab8 {[%emt 0:02:20]} 26. Nd4 {[%emt 0:02:13]} Bd7 {[%emt 0:04:07]} 27. Nxc6 {[%emt 0:01:58]} Bxc6 {[%emt 0:00:05]} 28. Rxc6 {[%emt 0:04:06]} Rfd8 {[%emt 0:02:50]} 29. Bxd5 {[%emt 0:01:58]} Rxd5 {[%emt 0:00:04]} 30. Rxc4 {[%emt 0:00:40]} Rdb5 {[%emt 0:00:29]} 31. Ree4 {[%emt 0:00:29]} R8b6 {[%emt 0:00:37]} 32. Qd2 {[%emt 0:00:32]} Rb7 {[%emt 0:01:14]} 33. Qc3 {[%emt 0:00:10]} R5b6 {[%emt 0:00:36]} 34. h4 {[%emt 0:00:47]} h5 {[%emt 0:00:14]} 35. Rc6 {[%emt 0:00:31]} Rxc6 {[%emt 0:00:17]} 36. Qxc6 {[%emt 0:00:02]} Rc7 {[%emt 0:00:26]} 37. Qd6 {[%emt 0:00:55]} Qxd6 {[%emt 0:00:38]} 38. exd6 {[%emt 0:00:02]} Rd7 {[%emt 0:00:06]} 39. Re7 {[%emt 0:00:28]} Rxd6 {[%emt 0:00:37]} 40. Rxa7 {[%emt 0:00:00]} Rd1+ {[%emt 0:00:00]} 41. Kg2 {[%emt 0:00:06]} Rb1 {[%emt 0:01:20]} 42. Rb7 {[%emt 0:00:07]} Rb2 {[%emt 0:04:38]} 43. b5 {[%emt 0:11:02]} Kf6 {[%emt 0:00:20]} 44. b6 {[%emt 0:02:37]} Ke6 {[%emt 0:00:28]} 45. Kf3 {[%emt 0:01:03]} f6 {[%emt 0:02:25]} 46. Ke3 {[%emt 0:06:23]} Kf5 {[%emt 0:00:40]} 47. Rb8 {[%emt 0:00:18]} Kg4 {[%emt 0:05:35]} 48. b7 {[%emt 0:03:06]} Kh3 {[%emt 0:04:16]} 49. Rg8 {[%emt 0:04:51]} Rxb7 {[%emt 0:00:06]} 50. Rxg6 {[%emt 0:00:04]} Rb6 {[%emt 0:01:13]} 51. Kf3 {[%emt 0:01:59]} Rb3+ {[%emt 0:01:34]} 52. Ke4 {[%emt 0:00:21]} Rb4+ {[%emt 0:01:12]} 53. Kf5 {[%emt 0:01:33]} Rb2 {[%emt 0:07:03]} 54. Kxf6 {[%emt 0:00:58]} Rxf2+ {[%emt 0:00:09]} 55. Kg7 {[%emt 0:00:08]} Rf5 {[%emt 0:03:13]} 56. Kh6 {[%emt 0:00:08]} 1-0

[Event "70th RUS-ch Women Higher League 2020"]
[Site "Sochi"]
[Date "2020.10.09"]
[Round "2.17"]
[White "Miroshnik, Ekaterina"]
[Black "Ovod, Evgenija"]
[Result "1-0"]
[WhiteElo "2104"]
[BlackElo "2372"]
[Annotator "ChessBase"]
[PlyCount "140"]
[EventDate "2020.10.08"]
[EventType "swiss"]
[EventCountry "RUS"]
[SourceTitle "playchess.com"]
[Source "ChessBase"]
[SourceQuality "1"]
[TimeControl "40/5400+30:1800+30"]

1. d4 {[%emt 0:00:00]} f5 {[%emt 0:00:00]} 2. Nf3 {[%emt 0:00:11]} Nf6 {[%emt 0:00:00]} 3. g3 {[%emt 0:01:36]} d6 {[%emt 0:00:08]} 4. Bg2 {[%emt 0:00:06]} g6 {[%emt 0:00:09]} 5. O-O {[%emt 0:00:06]} Bg7 {[%emt 0:00:04]} 6. b3 {[%emt 0:01:35]} O-O {[%emt 0:00:10]} 7. Bb2 {[%emt 0:00:03]} Na6 {[%emt 0:07:20]} 8. c4 {[%emt 0:01:21]} c5 {[%emt 0:00:16]} 9. e3 {[%emt 0:03:02]} Rb8 {[%emt 0:12:46]} 10. Nc3 {[%emt 0:01:51]} b6 {[%emt 0:00:18]} 11. Nb5 {[%emt 0:08:23]} Qd7 {[%emt 0:00:07]} 12. d5 {[%emt 0:02:04]} h6 {[%emt 0:01:44]} 13. h4 {[%emt 0:04:41]} Rb7 {[%emt 0:08:59]} 14. a4 {[%emt 0:08:21]} Nc7 {[%emt 0:02:59]} 15. Nc3 {[%emt 0:01:10]} a6 {[%emt 0:00:39]} 16. Ne2 {[%emt 0:03:18]} b5 {[%emt 0:01:41]} 17. axb5 {[%emt 0:00:53]} axb5 {[%emt 0:00:05]} 18. Rb1 {[%emt 0:12:39]} bxc4 {[%emt 0:01:57]} 19. bxc4 {[%emt 0:00:57]} Rb4 {[%emt 0:00:06]} 20. Bxf6 {[%emt 0:02:54]} Rxb1 {[%emt 0:00:25]} 21. Qxb1 {[%emt 0:00:05]} Bxf6 {[%emt 0:00:14]} 22. Nf4 {[%emt 0:04:19]} Qe8 {[%emt 0:10:54]} 23. Qb6 {[%emt 0:08:55]} Na6 {[%emt 0:00:30]} 24. Ne6 {[%emt 0:06:00]} Bxe6 {[%emt 0:00:22]} 25. Qxa6 {[%emt 0:00:29]} Bc8 {[%emt 0:08:37]} 26. Qa8 {[%emt 0:03:58]} Qd7 27. Rb1 {[%emt 0:01:34]} Qc7 {[%emt 0:09:41]} 28. Qa2 {[%emt 0:02:05]} Bd7 {[%emt 0:01:05]} 29. Ne1 {[%emt 0:01:04]} Rb8 {[%emt 0:00:39]} 30. Rxb8+ {[%emt 0:00:43]} Qxb8 {[%emt 0:00:04]} 31. Nd3 {[%emt 0:00:25]} Kf7 {[%emt 0:05:27]} 32. Bf1 {[%emt 0:01:00]} Qb7 {[%emt 0:00:47]} 33. Bg2 {[%emt 0:00:45]} Bc8 {[%emt 0:00:40]} 34. Nf4 {[%emt 0:02:24]} Qa6 {[%emt 0:00:44]} 35. Qxa6 {[%emt 0:01:17]} Bxa6 {[%emt 0:00:04]} 36. Bf1 {[%emt 0:00:03]} Bc3 {[%emt 0:04:25]} 37. Bd3 {[%emt 0:00:53]} Kf6 {[%emt 0:08:05]} 38. f3 {[%emt 0:10:27]} Be1 {[%emt 0:02:10]} 39. Kg2 Bc8 {[%emt 0:00:28]} 40. Ne2 {[%emt 0:00:00]} g5 {[%emt 0:00:00]} 41. hxg5+ {[%emt 0:06:01]} hxg5 {[%emt 0:04:50]} 42. Kf1 {[%emt 0:01:38]} Bd2 {[%emt 0:00:19]} 43. Kf2 {[%emt 0:00:10]} e6 {[%emt 0:10:38]} 44. e4 {[%emt 0:16:48]} Ke5 {[%emt 0:00:22]} 45. Kg2 {[%emt 0:02:16]} fxe4 {[%emt 0:07:04]} 46. Bxe4 {[%emt 0:03:22]} Kf6 {[%emt 0:03:55]} 47. dxe6 {[%emt 0:04:10]} Bxe6 {[%emt 0:00:07]} 48. Bd3 {[%emt 0:00:01]} d5 {[%emt 0:05:20]} 49. cxd5 {[%emt 0:00:02]} Bxd5 {[%emt 0:00:03]} 50. Kf2 {[%emt 0:00:17]} Bb3 {[%emt 0:00:07]} 51. Bh7 {[%emt 0:02:20]} Ke7 {[%emt 0:01:40]} 52. g4 {[%emt 0:02:44]} Kd6 {[%emt 0:01:44]} 53. Ng3 {[%emt 0:00:15]} Bf4 {[%emt 0:00:38]} 54. Ne4+ {[%emt 0:00:52]} Kc6 {[%emt 0:00:11]} 55. Ke2 {[%emt 0:00:51]} Kb5 {[%emt 0:04:33]} 56. Nf6 {[%emt 0:01:12]} Kb4 {[%emt 0:00:54]} 57. Be4 {[%emt 0:00:11]} Bc1 {[%emt 0:05:30]} 58. Nd5+ {[%emt 0:00:48]} Kc4 {[%emt 0:00:17]} 59. Bh7 {[%emt 0:01:56]} Kd4 {[%emt 0:00:47]} 60. Ne7 {[%emt 0:00:23]} Kc3 {[%emt 0:01:38]} 61. Be4 {[%emt 0:00:49]} c4 {[%emt 0:02:27]} 62. Nd5+ {[%emt 0:00:47]} Kb2 {[%emt 0:02:17]} 63. Nb4 {[%emt 0:00:12]} Bf4 {[%emt 0:00:35]} 64. Bf5 {[%emt 0:01:03]} Kc1 {[%emt 0:00:33]} 65. Nd5 {[%emt 0:01:00]} Bd1+ {[%emt 0:00:25]} 66. Kf2 {[%emt 0:00:13]} Bd6 {[%emt 0:00:44]} 67. f4 {[%emt 0:00:32]} gxf4 {[%emt 0:00:21]} 68. g5 {[%emt 0:00:09]} Bc5+ {[%emt 0:00:39]} 69. Kf1 {[%emt 0:00:03]} f3 {[%emt 0:00:12]} 70. Nc3 {[%emt 0:00:54]} Bc2 {[%emt 0:01:21]} 1-0

[Event "70th RUS-ch Women Higher League 2020"]
[Site "Sochi"]
[Date "2020.10.09"]
[Round "2.18"]
[White "Kochukova, Anna"]
[Black "Charochkina, Daria"]
[Result "1-0"]
[WhiteElo "2093"]
[BlackElo "2356"]
[Annotator "ChessBase"]
[PlyCount "75"]
[EventDate "2020.10.08"]
[EventType "swiss"]
[EventCountry "RUS"]
[SourceTitle "playchess.com"]
[Source "ChessBase"]
[SourceQuality "1"]
[TimeControl "40/5400+30:1800+30"]

1. e4 {[%emt 0:00:00]} g6 {[%emt 0:01:35]} 2. d4 {[%emt 0:00:00]} Bg7 {[%emt 0:00:40]} 3. Nf3 {[%emt 0:00:06]} d6 {[%emt 0:00:10]} 4. c3 {[%emt 0:00:24]} Nf6 {[%emt 0:00:21]} 5. Bd3 {[%emt 0:00:37]} O-O {[%emt 0:00:11]} 6. O-O {[%emt 0:00:27]} c5 {[%emt 0:00:21]} 7. h3 {[%emt 0:03:36]} a6 {[%emt 0:01:04]} 8. a4 {[%emt 0:00:35]} Qc7 {[%emt 0:00:26]} 9. Re1 {[%emt 0:03:23]} Rd8 {[%emt 0:18:55]} 10. Qe2 {[%emt 0:06:00]} b6 {[%emt 0:00:30]} 11. Be3 {[%emt 0:06:39]} Bb7 {[%emt 0:07:43]} 12. Nbd2 {[%emt 0:00:37]} Nbd7 {[%emt 0:06:52]} 13. Bg5 {[%emt 0:11:45]} Nf8 {[%emt 0:13:08]} 14. Qe3 {[%emt 0:06:10]} Re8 {[%emt 0:03:23]} 15. Bh6 {[%emt 0:07:33]} e5 {[%emt 0:00:57]} 16. d5 {[%emt 0:01:56]} Nh5 {[%emt 0:01:25]} 17. Bxg7 {[%emt 0:03:52]} Kxg7 {[%emt 0:00:08]} 18. b4 {[%emt 0:02:16]} Nf4 {[%emt 0:02:35]} 19. Bf1 {[%emt 0:04:22]} cxb4 {[%emt 0:06:36]} 20. cxb4 {[%emt 0:05:21]} f5 {[%emt 0:00:22]} 21. Rac1 {[%emt 0:11:48]} Qd8 {[%emt 0:00:13]} 22. g3 {[%emt 0:03:25]} fxe4 {[%emt 0:01:44]} 23. gxf4 {[%emt 0:01:58]} exf3 {[%emt 0:00:09]} 24. Qxf3 {[%emt 0:02:01]} Nd7 {[%emt 0:12:37]} 25. Nc4 {[%emt 0:08:34]} Nf6 {[%emt 0:01:28]} 26. fxe5 {[%emt 0:00:55]} dxe5 {[%emt 0:00:06]} 27. Nxe5 {[%emt 0:03:52]} Qd6 {[%emt 0:05:37]} 28. Ng4 {[%emt 0:03:24]} Nxd5 {[%emt 0:00:53]} 29. Red1 {[%emt 0:00:52]} Rad8 {[%emt 0:01:40]} 30. Bg2 {[%emt 0:01:11]} Rf8 {[%emt 0:07:38]} 31. Qd3 {[%emt 0:00:36]} Qxb4 {[%emt 0:04:26]} 32. Bxd5 {[%emt 0:00:59]} Rxd5 {[%emt 0:00:21]} 33. Rc7+ {[%emt 0:00:08]} Kh8 {[%emt 0:00:22]} 34. Qe2 {[%emt 0:00:59]} Rxd1+ {[%emt 0:01:49]} 35. Qxd1 {[%emt 0:00:00]} Qb2 {[%emt 0:00:34]} 36. Rxb7 {[%emt 0:00:52]} h5 {[%emt 0:00:02]} 37. Qd7 {[%emt 0:00:42]} Qc1+ {[%emt 0:00:58]} 38. Kg2 {[%emt 0:00:12]} 1-0

[Event "70th RUS-ch Women Higher League 2020"]
[Site "Sochi"]
[Date "2020.10.10"]
[Round "3.1"]
[White "Gunina, Valentina"]
[Black "Shafigullina, Zarina"]
[Result "1-0"]
[WhiteElo "2431"]
[BlackElo "2296"]
[Annotator "TA"]
[PlyCount "119"]
[EventDate "2020.10.08"]
[EventType "swiss"]
[EventCountry "RUS"]
[SourceTitle "playchess.com"]
[Source "ChessBase"]
[SourceQuality "1"]

{[%evp 12,119,18,19,37,21,16,8,11,11,28,0,0,-21,-17,-13,-10,-70,-4,-8,0,0,23,19,58,17,30,0,10,-26,-18,-13,-5,-27,99,101,43,58,99,89,192,189,245,208,236,123,241,119,235,131,287,111,147,125,162,23,33,20,183,156,400,158,166,170,270,191,716,697,830,820,742,726,743,698,717,683,1761,1468,1742,1597,1541,1451,29971,29972,29982,29972,29973,29973,29972,29973,29968,29972,10671,5683,29980,29981,29981,29979,29980,29981,29984,29983,29986,29985,29985,29971,29965,29968,5804,5081]} 1. e4 c5 2. Nc3 d6 3. Nf3 Nf6 4. d4 cxd4 5. Nxd4 a6 6. h3 e5 7. Nde2 h5 {B90: Sicilian Najdorf: Unusual White 6th moves, 6 Be3 Ng4 and 6 Be3 e5.} 8. g3 Be6 9. Bg2 b5 {The position is equal.} 10. Bg5 Nbd7 11. Qd2 Be7 12. f4 Rc8 13. b3 {[#] With the idea f5.} Nb6 $146 ({Predecessor:} 13... b4 14. Nd1 Nc5 15. Bxf6 Bxf6 16. f5 Bd7 17. Qxd6 Bb5 18. Qxd8+ Rxd8 19. Ne3 Bxe2 20. Kxe2 {1-0 (50) Martinez,A (2109)-Gomez Camacho,M (1938) Buenos Aires 2014}) 14. Nd1 ({Better is} 14. a3 $11) 14... Qc7 (14... d5 $15 15. fxe5 Nxe4 {[%mdl 64] Double Attack} 16. Bxe7 Qxe7) 15. Ne3 $11 Qc5 16. Rd1 Bd7 17. O-O $36 {[%mdl 2048] White fights for an advantage.} a5 18. Kh1 O-O 19. c3 Rfe8 20. b4 axb4 21. cxb4 Qc7 22. Rc1 Nc4 (22... Qa7 $11) 23. Nxc4 $16 bxc4 24. Nc3 Bc6 25. a4 Nh7 (25... Ba8 $16 {might work better.}) 26. Bxe7 $18 Qxe7 (26... Rxe7 {was called for.} 27. Rfd1 exf4) 27. b5 Ba8 28. f5 ({White should try} 28. a5 $18) 28... Nf6 (28... Qa7 $16 {was necessary.} 29. Qxd6 Nf6) 29. Rfd1 (29. a5 $18 {has better winning chances.}) 29... Red8 (29... Qa7 $16 30. Qxd6 Bb7) 30. Qe3 (30. a5 $18) 30... Rc5 $2 (30... Qc7 $16 31. Kh2 Bb7) 31. Rd2 $2 (31. a5 $18 {is the precise move to win.}) 31... d5 $16 32. exd5 Bxd5 {[#]} 33. Rcd1 (33. Kh2 $1 $18) 33... Bxg2+ $11 34. Kxg2 Rxd2+ $2 {Black is on the road to losing.} (34... Rd3 $1 $11 {and Black stays safe.} 35. Rxd3 cxd3 36. Rxd3 (36. Qxd3 Rc8 $14) 36... e4) 35. Rxd2 $18 ({Don't play} 35. Qxd2 $6 Qb7+ 36. Kh2 e4 $16) 35... e4 $2 (35... Qb7+ $16 {was worth a try.} 36. Kh2 Qc7) 36. Qd4 $2 (36. a5 $18) 36... Kh7 $16 37. Qd6 Qxd6 (37... Qa7 $142) 38. Rxd6 $18 {[%mdl 4096] Endgame KRN-KRN} e3 $2 {[#]} (38... Rxf5 39. Rd4 Kg6 40. Rxc4 e3) 39. Kf3 Re5 40. Ke2 Ne4 41. Nxe4 Rxe4 {KR-KR} 42. Rc6 h4 43. g4 Rd4 44. b6 Rd2+ 45. Ke1 Rh2 46. Rxc4 Rxh3 47. Rb4 Rh1+ 48. Ke2 h3 49. b7 h2 50. b8=Q Re1+ 51. Kxe1 h1=Q+ 52. Ke2 Qg2+ 53. Kxe3 Qg1+ 54. Kf3 Qf1+ 55. Ke4 Qe2+ 56. Kd5 Qf3+ 57. Kc5 Qc3+ 58. Kb5 Qd3+ 59. Ka5 Qd5+ 60. Rb5 {Accuracy: White = 51%, Black = 45%.} 1-0